000 02349cam a2200301 i 4500
003 SA-RiAUC
005 20250203080019.0
008 250203s2008 ua g 000 0cara c
024 0 _a00000000286268
040 _aOM-MuSQU
_bara
_cSA-RiAUC
_dKAC
_erda
082 0 4 _a234.65
_qSA-RiAUC
090 _a234.65
_bس م ع
100 1 _aالسمعاني، عبد الكريم بن محمد بن منصور،
_d506-562 هجري
_eمؤلف.
245 1 2 _aالمنتخب من معجم شيوخ السمعاني /
_cلأبي سعيد عبد الكريم بن محمد بن منصور السمعاني ؛ تحقيق محمد عثمان.
250 _aالطبعة الأولى.
264 1 _aالقاهرة :
_bمكتبة الثقافة الدينية،
_c2008
300 _a2 مجلد ؛
_c24 × 17 سم
336 _aنص
_btxt
_2rdacontent
_3كتاب
337 _aبدون وسيط
_bn
_2rdamedia
338 _aمجلد
_bnc
_2rdacarrier
504 _aببليوجرافية : صفحة 442-459.
505 0 _aالمحتويات : المجلد الأول-أبو أحمد بن أحمد بن إسحاق بن موسى الدندانقاني الصوفي-أبو القاسم أحمد بن إبراهيم بن أحمد بن إبراهيم بن أحمد بن إبراهيم بن أحمد-أبو مسعود أحمد بن إبراهيم بن محمد بن أحمد بن إبراهيم بن موسى-القاضي أحمد بن إسماعيل بن أحمد الجرباذقاني الواعظ، ويقال أبو علي ...-المجلد الثاني-القاضي أبو القاسم، عبد العزيز بن بدر بن إبراهيم بن بدر، الولاشجردي-أبو محمد، عبد العزيز بن محمد بن أبي جعفر بن بشكولة، الميهني، الصوفي-أبو بكر، عبد الغفار بن محمد بن الحسين بن علي بن شيرويه بن علي بن الحسن... وموضوعات أخرى.
650 7 _aطبقات رواة الحديث وحفاظه
_vتراجم
_2aucsh
700 1 _aنجاتي، محمد عثمان،
_d1914-2000
_eمحقق.
700 1 2 _iتحقيق لـ (عمل) :
_aالسمعاني، عبد الكريم بن محمد بن منصور،
_d506-562 هجري.
_tالمنتخب من معجم شيوخ السمعاني
942 _2ddc
_cBOOK
949 _aSA-JeALM
_d250203
_ukhaled123
_n1
999 _c5533
_d5533